000 00529nam a22001931a 4500
001 4295
003 OSt
005 20260204211924.0
008 070912s2004||||sp ||||||b||||||||||spa||
020 _a8449316653
050 _a378 P418c
100 _aPerinat, Adolfo
245 _aConocimiento y educación superior: nuevos horizontes para la universidad del siglo XXI / Adolfo Perinat
264 _aEspaña : Paidos
300 _a158 p
500 _aIncluye bibliografía
650 _aEducación SuperiorÌ
942 _2ddc
_cBK
999 _c4295
_d4295